[Event "15. Obert Internacional Pobla de Lillet"]
[Site "Pobla de Lillet ESP"]
[Date "2005.08.03"]
[Round "2.9"]
[White "Gallart Zafra, Jaume"]
[Black "Alonso Moyano, Jonathan"]
[Result "0-1"]
[WhiteElo "2077"]
[BlackElo "2406"]
[PlyCount "76"]
[EventDate "2005.08.02"]
[EventType "swiss"]
[EventRounds "9"]
[EventCountry "ESP"]
[SourceTitle "Ajedrez en Madrid"]
[Source "lmi"]
[SourceDate "2005.08.11"]
[SourceVersion "1"]
[SourceVersionDate "2020.06.30"]
[SourceQuality "1"]

1. Nf3 f5 2. g3 Nf6 3. Bg2 g6 4. d3 Bg7 5. O-O d6 6. c4 O-O 7. e4 e5 8. Nc3 Nc6
9. Ne1 f4 10. Nd5 Nxd5 11. cxd5 Nd4 12. Nc2 f3 13. Nxd4 fxg2 14. Kxg2 exd4 15.
f4 Qd7 16. Bd2 Qh3+ 17. Kg1 Bg4 18. Qb3 h5 19. Rac1 h4 20. Rf2 Rf7 21. Qxb7
Raf8 22. Rxc7 hxg3 23. hxg3 Qxg3+ 24. Rg2 Qf3 25. Qxa7 Qd1+ 26. Kh2 Bf6 27.
Rxf7 Rxf7 28. Qb8+ Rf8 29. Qxd6 Kf7 30. Qc7+ Be7 31. Qe5 Rd8 32. Ba5 Bd6 33.
Bxd8 Bxe5 34. fxe5 Bf3 35. Rf2 Ke8 36. Bf6 Qxd3 37. d6 Qxe4 38. e6 Qf4+ 0-1

[Event "15. Obert Internacional Pobla de Lillet"]
[Site "Pobla de Lillet ESP"]
[Date "2005.08.03"]
[Round "2.10"]
[White "Hanley, Craig"]
[Black "Miralles Brugues, Rafael"]
[Result "1-0"]
[WhiteElo "2367"]
[BlackElo "2059"]
[PlyCount "67"]
[EventDate "2005.08.02"]
[EventType "swiss"]
[EventRounds "9"]
[EventCountry "ESP"]
[SourceTitle "Ajedrez en Madrid"]
[Source "lmi"]
[SourceDate "2005.08.11"]
[SourceVersion "1"]
[SourceVersionDate "2020.06.30"]
[SourceQuality "1"]

1. e4 c6 2. d4 d5 3. e5 Na6 4. Nf3 g6 5. Be2 h5 6. O-O Nc7 7. c4 Bg4 8. Nc3 e6
9. Qb3 b6 10. Be3 Bh6 11. cxd5 exd5 12. Rac1 Ne7 13. Bxh6 Rxh6 14. Ne1 Ne6 15.
Qa4 b5 16. Qd1 b4 17. Na4 Bxe2 18. Qxe2 Nxd4 19. Qd2 Nef5 20. Nc2 Nxc2 21. Rxc2
Rc8 22. Qxb4 g5 23. Nc5 Qe7 24. Qd2 Rg6 25. b4 Kf8 26. f4 Kg7 27. Qd3 gxf4 28.
Qxf5 Rg8 29. Rxf4 Kh6 30. h4 f6 31. e6 Qg7 32. Rff2 a5 33. Nd7 axb4 34. Nxf6
1-0

[Event "15. Obert Internacional Pobla de Lillet"]
[Site "Pobla de Lillet ESP"]
[Date "2005.08.03"]
[Round "2.11"]
[White "Basas Gamazo, Josep"]
[Black "Granero Roca, Antonio"]
[Result "0-1"]
[WhiteElo "2062"]
[BlackElo "2342"]
[PlyCount "114"]
[EventDate "2005.08.02"]
[EventType "swiss"]
[EventRounds "9"]
[EventCountry "ESP"]
[SourceTitle "Ajedrez en Madrid"]
[Source "lmi"]
[SourceDate "2005.08.11"]
[SourceVersion "1"]
[SourceVersionDate "2020.06.30"]
[SourceQuality "1"]

1. e4 d6 2. d4 Nf6 3. Nc3 g6 4. Bg5 Bg7 5. Qd2 h6 6. Bh4 c6 7. f4 b5 8. Bd3 O-O
9. Nf3 b4 10. Nd1 Qb6 11. Ne3 Re8 12. e5 Nd5 13. Nc4 Qc7 14. O-O dxe5 15. fxe5
Be6 16. Bg3 c5 17. dxc5 Nd7 18. c6 Nc5 19. Nd4 Rad8 20. Qf2 Rf8 21. Nxe6 Nxe6
22. Be4 Qxc6 23. Ne3 Nec7 24. Nxd5 Nxd5 25. Qxa7 Qe6 26. Rae1 Nb6 27. Qa5 Nc4
28. Qxb4 Rb8 29. Qc5 Rfc8 30. Qd5 Qb6+ 31. Bf2 Qa6 32. Bd3 e6 33. Bxc4 Qxc4 34.
Qxc4 Rxc4 35. Rb1 Rxc2 36. Bd4 Rb5 37. Rfe1 Bf8 38. Rec1 Rd2 39. Rd1 Rxd4 40.
Rxd4 Bc5 41. b4 Bxd4+ 42. Kf1 Bc3 43. Rb3 Bxe5 44. a4 Rb8 45. a5 Kf8 46. b5 Ke7
47. b6 Bd4 48. Rb4 Bc5 49. Rb5 Kd6 50. Rb3 Kc6 51. Rf3 f5 52. Rh3 Rh8 53. Rc3
Kb5 54. b7 Rb8 55. a6 Ba7 56. Ra3 e5 57. Ra2 g5 0-1

[Event "15. Obert Internacional Pobla de Lillet"]
[Site "Pobla de Lillet ESP"]
[Date "2005.08.03"]
[Round "2.12"]
[White "Bruned, Yvain"]
[Black "Amor Alcaide, Manuel"]
[Result "1-0"]
[WhiteElo "2328"]
[BlackElo "2042"]
[PlyCount "85"]
[EventDate "2005.08.02"]
[EventType "swiss"]
[EventRounds "9"]
[EventCountry "ESP"]
[SourceTitle "Ajedrez en Madrid"]
[Source "lmi"]
[SourceDate "2005.08.11"]
[SourceVersion "1"]
[SourceVersionDate "2020.06.30"]
[SourceQuality "1"]

1. e4 d6 2. d4 Nf6 3. Nc3 g6 4. f4 Bg7 5. Nf3 O-O 6. Bd3 Nbd7 7. e5 Ne8 8. O-O
e6 9. Be3 f6 10. exf6 Ndxf6 11. Ng5 d5 12. h3 Nd6 13. Ne2 Nf5 14. Bf2 Qe7 15.
g4 Nd6 16. c3 Nf7 17. Nxf7 Rxf7 18. Qd2 Bd7 19. Qe3 Raf8 20. Bg3 Ne8 21. Kg2
Nd6 22. Ng1 Re8 23. Nf3 Rff8 24. Bh4 Bf6 25. Bxf6 Qxf6 26. Ne5 Re7 27. a4 Be8
28. b3 c6 29. b4 Rg7 30. g5 Qe7 31. Ng4 Nf5 32. Qe5 Kh8 33. Rae1 Bf7 34. Bxf5
gxf5 35. Nh6 Bg8 36. h4 Re8 37. Re3 b6 38. Rfe1 c5 39. Nxf5 exf5 40. Qxe7 Rexe7
41. Rxe7 Rg6 42. Rxa7 cxb4 43. cxb4 1-0

[Event "15. Obert Internacional Pobla de Lillet"]
[Site "Pobla de Lillet ESP"]
[Date "2005.08.03"]
[Round "2.13"]
[White "Trias Fernandes, Ramon"]
[Black "Ayza Ballester, Jordi"]
[Result "0-1"]
[WhiteElo "2045"]
[BlackElo "2300"]
[PlyCount "88"]
[EventDate "2005.08.02"]
[EventType "swiss"]
[EventRounds "9"]
[EventCountry "ESP"]
[SourceTitle "Ajedrez en Madrid"]
[Source "lmi"]
[SourceDate "2005.08.11"]
[SourceVersion "1"]
[SourceVersionDate "2020.06.30"]
[SourceQuality "1"]

1. e4 c5 2. Nf3 e6 3. d4 cxd4 4. Nxd4 a6 5. Bd3 Qc7 6. O-O Nf6 7. Nb3 d5 8. Nc3
dxe4 9. Nxe4 Nbd7 10. Qe2 Nxe4 11. Bxe4 Nf6 12. Bd3 Be7 13. Kh1 O-O 14. Bg5 Bd7
15. Rae1 Rad8 16. Bh4 Bc6 17. Bxf6 Bxf6 18. c3 Qf4 19. Bc2 Bb5 20. Qe3 Qxe3 21.
fxe3 Bxf1 22. Rxf1 b6 23. g3 a5 24. a4 Rd6 25. Kg2 Rc8 26. Rf4 Be5 27. Rh4 g6
28. Kf3 f5 29. Ke2 Kg7 30. Bd3 Bxc3 31. bxc3 Rxc3 32. Rd4 Rxd4 33. Nxd4 e5 34.
Nb5 Rc1 35. Nd6 e4 36. Bb5 Rc2+ 37. Kf1 Rxh2 38. Nc8 Kf6 39. Nxb6 Kg5 40. Nc4
Kg4 41. Nxa5 Kf3 42. Kg1 Rg2+ 43. Kf1 Ra2 44. Nc4 Ra1# 0-1

[Event "15. Obert Internacional Pobla de Lillet"]
[Site "Pobla de Lillet ESP"]
[Date "2005.08.03"]
[Round "2.14"]
[White "Bautista Sanchez, Joan"]
[Black "Flores Vallcorba, Josep"]
[Result "1-0"]
[WhiteElo "2250"]
[BlackElo "2027"]
[PlyCount "109"]
[EventDate "2005.08.02"]
[EventType "swiss"]
[EventRounds "9"]
[EventCountry "ESP"]
[SourceTitle "Ajedrez en Madrid"]
[Source "lmi"]
[SourceDate "2005.08.11"]
[SourceVersion "1"]
[SourceVersionDate "2020.06.30"]
[SourceQuality "1"]

1. c4 f5 2. Nf3 Nf6 3. g3 e6 4. Bg2 Be7 5. Nc3 O-O 6. O-O d6 7. Rb1 c6 8. d3
Qe8 9. b4 Nbd7 10. b5 c5 11. a4 Bd8 12. Bd2 e5 13. e3 h6 14. d4 e4 15. Ne1 Qf7
16. Qb3 Nb6 17. d5 Nbd7 18. f3 exf3 19. Nxf3 Qe8 20. Qc2 Ne5 21. Nxe5 Qxe5 22.
Rbe1 Re8 23. Kh1 Ba5 24. Re2 Bd7 25. Rfe1 Bxc3 26. Bxc3 Qe7 27. Bxf6 Qxf6 28.
e4 fxe4 29. Bxe4 Rf8 30. Bg2 Rae8 31. Rf1 Qg5 32. Ref2 Rxf2 33. Qxf2 Qg6 34.
Qf4 Kh8 35. h4 Kg8 36. Rf2 Bg4 37. Kh2 b6 38. Bf1 Bd7 39. Be2 h5 40. Bd1 Kh8
41. Bc2 Qf6 42. Qxf6 gxf6 43. Bg6 Re3 44. Rxf6 Re2+ 45. Kg1 Bh3 46. Bxh5 Re1+
47. Kh2 Bf1 48. Rxd6 Bxc4 49. Rd8+ Kg7 50. d6 Bd5 51. g4 Re2+ 52. Kg3 Re3+ 53.
Kf2 Re6 54. d7 Re7 55. Rg8+ 1-0

[Event "15. Obert Internacional Pobla de Lillet"]
[Site "Pobla de Lillet ESP"]
[Date "2005.08.03"]
[Round "2.15"]
[White "Diaz Lopez, Pedro"]
[Black "Pascual Genoves, Marc"]
[Result "1/2-1/2"]
[WhiteElo "2040"]
[BlackElo "2246"]
[PlyCount "49"]
[EventDate "2005.08.02"]
[EventType "swiss"]
[EventRounds "9"]
[EventCountry "ESP"]
[SourceTitle "Ajedrez en Madrid"]
[Source "lmi"]
[SourceDate "2005.08.11"]
[SourceVersion "1"]
[SourceVersionDate "2020.06.30"]
[SourceQuality "1"]

1. d4 g6 2. c4 Bg7 3. Nc3 d6 4. e4 Nf6 5. Be2 O-O 6. Bg5 Nbd7 7. Qd2 e5 8. Nf3
c6 9. O-O Qc7 10. Rfe1 Re8 11. d5 c5 12. h3 a6 13. a4 h5 14. Bh6 Nh7 15. Bxg7
Kxg7 16. a5 Rb8 17. Ng5 b6 18. Nxh7 Kxh7 19. Qg5 Qd8 20. Qxd8 Rxd8 21. Reb1
bxa5 22. Rxa5 Rb6 23. b3 Bb7 24. Bd1 Rb8 25. Rba1 1/2-1/2

[Event "15. Obert Internacional Pobla de Lillet"]
[Site "Pobla de Lillet ESP"]
[Date "2005.08.03"]
[Round "2.25"]
[White "Garcia Galeote, Lorenzo"]
[Black "Marca Esturnell, Josep Maria"]
[Result "1-0"]
[WhiteElo "2110"]
[BlackElo "1970"]
[PlyCount "27"]
[EventDate "2005.08.02"]
[EventType "swiss"]
[EventRounds "9"]
[EventCountry "ESP"]
[SourceTitle "Ajedrez en Madrid"]
[Source "lmi"]
[SourceDate "2005.08.11"]
[SourceVersion "1"]
[SourceVersionDate "2020.06.30"]
[SourceQuality "1"]

1. d4 Nf6 2. c4 g6 3. Nc3 Bg7 4. e4 d6 5. Nge2 c6 6. Ng3 Qc7 7. Be2 e5 8. d5 c5
9. f4 exf4 10. Nb5 Qd8 11. Bxf4 Bf8 12. e5 dxe5 13. Bxe5 Na6 14. O-O 1-0

[Event "15. Obert Internacional Pobla de Lillet"]
[Site "Pobla de Lillet ESP"]
[Date "2005.08.03"]
[Round "2.27"]
[White "Llombart Baiges, Jaume"]
[Black "Parayre Soguero, Jordi"]
[Result "1/2-1/2"]
[WhiteElo "1925"]
[BlackElo "1997"]
[PlyCount "112"]
[EventDate "2005.08.02"]
[EventType "swiss"]
[EventRounds "9"]
[EventCountry "ESP"]
[SourceTitle "Ajedrez en Madrid"]
[Source "lmi"]
[SourceDate "2005.08.11"]
[SourceVersion "1"]
[SourceVersionDate "2020.06.30"]
[SourceQuality "1"]

1. e4 c5 2. f4 d5 3. e5 Nc6 4. Bb5 e6 5. Nf3 Qb6 6. Bxc6+ bxc6 7. O-O Be7 8.
Nc3 Nh6 9. Ne2 c4+ 10. Kh1 O-O 11. Ned4 c5 12. Ne2 f6 13. Ng3 fxe5 14. Nxe5 Bd6
15. d3 cxd3 16. cxd3 Qc7 17. d4 cxd4 18. Qxd4 Ba6 19. Rf3 Nf5 20. Nxf5 Rxf5 21.
Bd2 Bxe5 22. fxe5 Qxe5 23. Qxe5 Rxe5 24. Bc3 Re4 25. Re1 Rxe1+ 26. Bxe1 Rb8 27.
Bc3 Rd8 28. Bd4 Rf8 29. Rxf8+ Kxf8 30. Kg1 g6 31. Kf2 Ke7 32. Ke3 Bf1 33. g3 a6
34. Be5 Bc4 35. b3 Bf1 36. Kd4 Kd7 37. Kc5 Bd3 38. h4 Bb1 39. a3 Bc2 40. b4 Ba4
41. Kb6 Bb5 42. Kc5 h5 43. Bf4 Ke7 44. Be5 Ba4 45. Kd4 Kd7 46. Kc5 Bb5 47. Kd4
Kc6 48. Bf6 Ba4 49. Be5 Kb5 50. Bd6 Bd1 51. Kc3 Ka4 52. Kd4 Be2 53. Bc5 Bb5 54.
Ke5 Bc4 55. Kd4 Bb3 56. Bd6 Bc4 1/2-1/2

[Event "15. Obert Internacional Pobla de Lillet"]
[Site "Pobla de Lillet ESP"]
[Date "2005.08.04"]
[Round "3.1"]
[White "Moskalenko, Viktor"]
[Black "Bruned, Yvain"]
[Result "1/2-1/2"]
[WhiteElo "2534"]
[BlackElo "2328"]
[PlyCount "124"]
[EventDate "2005.08.02"]
[EventType "swiss"]
[EventRounds "9"]
[EventCountry "ESP"]
[SourceTitle "Ajedrez en Madrid"]
[Source "lmi"]
[SourceDate "2005.08.11"]
[SourceVersion "1"]
[SourceVersionDate "2020.06.30"]
[SourceQuality "1"]

1. d4 Nf6 2. c4 e6 3. Nc3 Bb4 4. a3 Bxc3+ 5. bxc3 c5 6. e3 O-O 7. Bd3 Nc6 8.
Ne2 e5 9. f3 d6 10. O-O h6 11. d5 Ne7 12. Ng3 Ne8 13. f4 exf4 14. exf4 f5 15.
Ra2 g6 16. Re2 Kg7 17. Bd2 Nf6 18. Nh1 Neg8 19. Be1 Re8 20. Bh4 Rxe2 21. Qxe2
Bd7 22. Nf2 Qe8 23. Qd2 Qf7 24. h3 Re8 25. Kh1 Nh5 26. g4 Nhf6 27. Rg1 Kh7 28.
Qc2 Ne7 29. a4 b6 30. Be2 Neg8 31. Bd3 Ne7 32. Be2 Neg8 33. g5 Ne4 34. Bd3
Nxf2+ 35. Bxf2 h5 36. a5 bxa5 37. Rb1 Re7 38. Rb8 Be8 39. Qb2 a4 40. Kg1 Rc7
41. Bc2 Kg7 42. Kf1 Kh7 43. Qb1 Kg7 44. Kg2 Kh7 45. Qe1 Re7 46. Qb1 Rc7 47. Kg3
Kg7 48. Qb2 Kh7 49. Qb1 Kg7 50. Ra8 Rb7 51. Qe1 Bd7 52. Qa1 Qe7 53. Bxa4 Qe4
54. Bxd7 Rxd7 55. Rxa7 h4+ 56. Kh2 Qxf4+ 57. Kg1 Qxg5+ 58. Kh1 Qe7 59. Rxd7
Qxd7 60. Bxh4 f4 61. Kh2 Nh6 62. Bf2 Nf7 1/2-1/2

[Event "15. Obert Internacional Pobla de Lillet"]
[Site "Pobla de Lillet ESP"]
[Date "2005.08.04"]
[Round "3.2"]
[White "Ayza Ballester, Jordi"]
[Black "Kosten, Anthony C"]
[Result "0-1"]
[WhiteElo "2300"]
[BlackElo "2522"]
[PlyCount "50"]
[EventDate "2005.08.02"]
[EventType "swiss"]
[EventRounds "9"]
[EventCountry "ESP"]
[SourceTitle "Ajedrez en Madrid"]
[Source "lmi"]
[SourceDate "2005.08.11"]
[SourceVersion "1"]
[SourceVersionDate "2020.06.30"]
[SourceQuality "1"]

1. e4 c5 2. Nf3 d6 3. d4 Nf6 4. Nc3 cxd4 5. Nxd4 a6 6. Bd3 e5 7. Nb3 Be7 8. O-O
O-O 9. f4 Nbd7 10. Kh1 b5 11. a4 Bb7 12. Qe2 b4 13. Nd1 d5 14. Nf2 Qc7 15. fxe5
Qxe5 16. exd5 Qxd5 17. Nh3 Bd6 18. Bf4 Rfe8 19. Qd2 Ne5 20. Bxe5 Qxe5 21. Qf4
Qd5 22. Qd2 Qh5 23. Nf4 Qh6 24. Kg1 Ng4 25. h3 Ne3 0-1

[Event "15. Obert Internacional Pobla de Lillet"]
[Site "Pobla de Lillet ESP"]
[Date "2005.08.04"]
[Round "3.3"]
[White "Hebden, Mark"]
[Black "Bautista Sanchez, Joan"]
[Result "1-0"]
[WhiteElo "2510"]
[BlackElo "2250"]
[PlyCount "147"]
[EventDate "2005.08.02"]
[EventType "swiss"]
[EventRounds "9"]
[EventCountry "ESP"]
[SourceTitle "Ajedrez en Madrid"]
[Source "lmi"]
[SourceDate "2005.08.11"]
[SourceVersion "1"]
[SourceVersionDate "2020.06.30"]
[SourceQuality "1"]

1. d4 d5 2. c4 e6 3. Nf3 Nf6 4. Bg5 Be7 5. Nc3 O-O 6. e3 h6 7. Bh4 b6 8. Bd3
Bb7 9. O-O Nbd7 10. Qe2 c5 11. Bg3 cxd4 12. exd4 dxc4 13. Bxc4 Bb4 14. Nb5 Ne4
15. Bc7 Qe7 16. a3 Bd6 17. Bd3 Bxc7 18. Nxc7 Rac8 19. Nb5 Ng5 20. Nxg5 Qxg5 21.
f3 Qf4 22. Nxa7 Qxd4+ 23. Kh1 Rcd8 24. Bb5 Qe5 25. Qf2 Qc5 26. Qxc5 Nxc5 27.
Rad1 Nb3 28. Kg1 Nd4 29. Bc4 Rd6 30. Nb5 Nxb5 31. Bxb5 Rfd8 32. Rxd6 Rxd6 33.
Rc1 Rd2 34. Rc7 Bd5 35. Be8 Rxb2 36. Bxf7+ Kh7 37. h4 h5 38. Bxh5 Ra2 39. Ra7
Kh6 40. Be8 g5 41. hxg5+ Kxg5 42. a4 Bb3 43. Kh2 Kf4 44. Rh7 Bd5 45. Rh4+ Ke3
46. Rb4 e5 47. Rb5 Rd2 48. Kg3 e4 49. Rxb6 exf3 50. gxf3 Rd1 51. Bh5 Rg1+ 52.
Kh4 Ra1 53. Rb4 Bc6 54. Kg5 Bxa4 55. Re4+ Kf2 56. f4 Bc6 57. Re2+ Kg3 58. f5
Ra8 59. Re3+ Kf2 60. Rc3 Rg8+ 61. Kf4 Bd7 62. Rc2+ Kg1 63. Bf3 Bb5 64. Ke3 Bf1
65. Rc1 Rf8 66. Be4 Rd8 67. Rc6 Rh8 68. Rg6+ Kh2 69. f6 Bc4 70. Rg2+ Kh3 71.
Rc2 Be6 72. Kf4 Rg8 73. Bf5+ Bxf5 74. Kxf5 1-0

[Event "15. Obert Internacional Pobla de Lillet"]
[Site "Pobla de Lillet ESP"]
[Date "2005.08.04"]
[Round "3.4"]
[White "Camacho Collados, Jose"]
[Black "Petkov, Vladimir"]
[Result "1/2-1/2"]
[WhiteElo "2236"]
[BlackElo "2475"]
[PlyCount "142"]
[EventDate "2005.08.02"]
[EventType "swiss"]
[EventRounds "9"]
[EventCountry "ESP"]
[SourceTitle "Ajedrez en Madrid"]
[Source "lmi"]
[SourceDate "2005.08.11"]
[SourceVersion "1"]
[SourceVersionDate "2020.06.30"]
[SourceQuality "1"]

1. e4 c5 2. Nf3 d6 3. d4 cxd4 4. Nxd4 Nf6 5. Nc3 a6 6. g3 e5 7. Nde2 Be7 8. Bg2
Nbd7 9. O-O b5 10. a4 b4 11. Nd5 a5 12. Bg5 Nxd5 13. Qxd5 Nb6 14. Bxe7 Kxe7 15.
Qd2 Ba6 16. b3 f6 17. g4 Bxe2 18. Qxe2 Rc8 19. Rad1 Rc5 20. Rd2 Qc7 21. Rfd1
Rc6 22. g5 Nd7 23. Bh3 Nc5 24. Qg4 Rf8 25. Kh1 g6 26. Qh4 Rf7 27. gxf6+ Ke8 28.
f3 Qd8 29. Bf1 Qxf6 30. Qxf6 Rxf6 31. Bb5 Kd7 32. Kg2 Kc7 33. Bxc6 Kxc6 34. Rd5
g5 35. Kg3 h5 36. h3 Rg6 37. Kf2 g4 38. hxg4 hxg4 39. Rg1 Rf6 40. Rxc5+ Kxc5
41. Rxg4 Kd4 42. Rg8 Rh6 43. Rc8 Rh2+ 44. Kg3 Rd2 45. Rc4+ Ke3 46. c3 Rc2 47.
cxb4 Rxc4 48. bxc4 axb4 49. a5 b3 50. a6 b2 51. a7 b1=Q 52. a8=Q Qg1+ 53. Kh4
Kxf3 54. Qf8+ Kxe4 55. Qxd6 Qd4 56. c5 Kf3+ 57. Qxd4 exd4 58. c6 Ke4 59. Kg4
Kd5 60. Kf4 Kxc6 61. Ke4 Kc5 62. Kd3 Kd5 63. Kd2 Kc4 64. Kc2 d3+ 65. Kd2 Kd4
66. Kd1 Ke3 67. Ke1 Kf3 68. Kd2 Ke4 69. Kd1 Ke3 70. Ke1 d2+ 71. Kd1 Kd3 1/2-1/2

[Event "15. Obert Internacional Pobla de Lillet"]
[Site "Pobla de Lillet ESP"]
[Date "2005.08.04"]
[Round "3.5"]
[White "Bruned, Boris"]
[Black "Pogorelov, Ruslan"]
[Result "1/2-1/2"]
[WhiteElo "2212"]
[BlackElo "2442"]
[PlyCount "72"]
[EventDate "2005.08.02"]
[EventType "swiss"]
[EventRounds "9"]
[EventCountry "ESP"]
[SourceTitle "Ajedrez en Madrid"]
[Source "lmi"]
[SourceDate "2005.08.11"]
[SourceVersion "1"]
[SourceVersionDate "2020.06.30"]
[SourceQuality "1"]

1. e4 c5 2. Nf3 e6 3. d4 cxd4 4. Nxd4 a6 5. Bd3 Qb6 6. Nb3 Qc7 7. O-O Nf6 8.
Qe2 d6 9. c4 b6 10. Nc3 Be7 11. Be3 Nbd7 12. h3 Bb7 13. Rac1 Rc8 14. f4 O-O 15.
Nd2 Qb8 16. a3 Nc5 17. Bb1 Bc6 18. b4 Na4 19. Nxa4 Bxa4 20. Bf2 e5 21. f5 b5
22. Bc2 Bxc2 23. Rxc2 bxc4 24. Nxc4 Qb5 25. Bh4 d5 26. Nxe5 Qxe2 27. Rxe2 Rfe8
28. exd5 Nxd5 29. Bxe7 Rxe7 30. Rfe1 f6 31. Nd3 Rxe2 32. Rxe2 Rc3 33. Nc5 Rxa3
34. Re8+ Kf7 35. Rb8 g6 36. Rb7+ Ke8 1/2-1/2

[Event "15. Obert Internacional Pobla de Lillet"]
[Site "Pobla de Lillet ESP"]
[Date "2005.08.04"]
[Round "3.6"]
[White "Movsziszian, Karen"]
[Black "Sandu, Mihaela"]
[Result "1-0"]
[WhiteElo "2439"]
[BlackElo "2159"]
[PlyCount "89"]
[EventDate "2005.08.02"]
[EventType "swiss"]
[EventRounds "9"]
[EventCountry "ESP"]
[SourceTitle "Ajedrez en Madrid"]
[Source "lmi"]
[SourceDate "2005.08.11"]
[SourceVersion "1"]
[SourceVersionDate "2020.06.30"]
[SourceQuality "1"]

1. Nf3 Nf6 2. g3 g6 3. Bg2 Bg7 4. d4 d6 5. O-O O-O 6. c4 Nc6 7. Nc3 e5 8. d5
Ne7 9. c5 e4 10. Ng5 dxc5 11. Ngxe4 Nfxd5 12. Nxd5 Nxd5 13. Bg5 f6 14. Qxd5+
Qxd5 15. Nxf6+ Bxf6 16. Bxd5+ Kg7 17. Bxf6+ Rxf6 18. Rac1 Bh3 19. Rxc5 c6 20.
Bg2 Bxg2 21. Kxg2 Rd8 22. Rc2 Rfd6 23. Rfc1 Rd1 24. Rxd1 Rxd1 25. f4 Kf6 26. e4
Ra1 27. a3 Rd1 28. Kf3 Rf1+ 29. Kg4 h5+ 30. Kh4 Re1 31. e5+ Kf5 32. h3 g5+ 33.
fxg5 Kg6 34. Rf2 Re4+ 35. Rf4 Rxe5 36. Rf6+ Kg7 37. Kxh5 Re3 38. Rd6 Rxg3 39.
Rd7+ Kf8 40. h4 Rb3 41. Kh6 Rxb2 42. g6 Rg2 43. Kh7 b5 44. g7+ Ke8 45. Rxa7 1-0

[Event "15. Obert Internacional Pobla de Lillet"]
[Site "Pobla de Lillet ESP"]
[Date "2005.08.04"]
[Round "3.7"]
[White "Rodriguez Fontecha, Marcos"]
[Black "Bernal Moro, Luis Javier"]
[Result "1/2-1/2"]
[WhiteElo "2179"]
[BlackElo "2431"]
[PlyCount "137"]
[EventDate "2005.08.02"]
[EventType "swiss"]
[EventRounds "9"]
[EventCountry "ESP"]
[SourceTitle "Ajedrez en Madrid"]
[Source "lmi"]
[SourceDate "2005.08.11"]
[SourceVersion "1"]
[SourceVersionDate "2020.06.30"]
[SourceQuality "1"]

1. d4 Nf6 2. Nf3 g6 3. Bf4 Bg7 4. e3 O-O 5. Be2 d6 6. c4 c5 7. Nc3 cxd4 8. exd4
d5 9. O-O Nc6 10. Ne5 dxc4 11. Nxc6 bxc6 12. Bxc4 Nd7 13. Qf3 Nb6 14. Bb3 Qxd4
15. Rfe1 Be6 16. Rad1 Qf6 17. Ne4 Qf5 18. Ng3 Qf6 19. Ne4 Qf5 20. Ng3 Qb5 21.
Bxe6 fxe6 22. Qe4 Qxb2 23. Qxe6+ Kh8 24. Re2 Qf6 25. Be5 Qxe6 26. Bxg7+ Kxg7
27. Rxe6 Kf7 28. Rde1 Rfe8 29. Rxc6 Rac8 30. Rxc8 Rxc8 31. Ne4 h6 32. Kf1 Rc4
33. f3 Nd5 34. Kf2 Ra4 35. Ra1 Ra3 36. Kg3 a5 37. Nd2 Ne3 38. Re1 Nf5+ 39. Kh3
Rxa2 40. Nc4 a4 41. Ne5+ Kg7 42. Nc6 Rc2 43. Nd8 Rc8 44. Ne6+ Kf6 45. g4 Nd6
46. Nf4 e5 47. Nd5+ Ke6 48. Nf4+ Kf6 49. Nd5+ Kf7 50. Nb6 Rc3 51. Nxa4 Rxf3+
52. Kg2 Rf4 53. Rf1 Ke6 54. Rxf4 exf4 55. Kf3 Ke5 56. Nb2 g5 57. h4 Kd4 58.
hxg5 hxg5 59. Na4 Nc4 60. Kg2 Ne5 61. Kh3 Nd7 62. Nb2 Ke3 63. Nd1+ Ke2 64. Nc3+
Kd3 65. Nd1 Ke2 66. Nc3+ Ke1 67. Ne4 f3 68. Nxg5 f2 69. Nf3+ 1/2-1/2

[Event "15. Obert Internacional Pobla de Lillet"]
[Site "Pobla de Lillet ESP"]
[Date "2005.08.04"]
[Round "3.8"]
[White "Alonso Moyano, Jonathan"]
[Black "Ruiz Manchon, Francesc Xavier"]
[Result "1-0"]
[WhiteElo "2406"]
[BlackElo "2101"]
[PlyCount "57"]
[EventDate "2005.08.02"]
[EventType "swiss"]
[EventRounds "9"]
[EventCountry "ESP"]
[SourceTitle "Ajedrez en Madrid"]
[Source "lmi"]
[SourceDate "2005.08.11"]
[SourceVersion "1"]
[SourceVersionDate "2020.06.30"]
[SourceQuality "1"]

1. e4 c5 2. Nf3 e6 3. b3 Nf6 4. e5 Nd5 5. Bb2 Be7 6. c4 Nb6 7. Bd3 Nc6 8. Nc3
d6 9. exd6 Qxd6 10. Bb1 f6 11. Ne4 Qc7 12. Nh4 O-O 13. Qh5 f5 14. Ng5 Bxg5 15.
Qxg5 Nd4 16. f4 Bd7 17. Nf3 Qd6 18. a4 Rfe8 19. a5 Nc8 20. b4 b6 21. axb6 Qxb6
22. Bc3 Bc6 23. bxc5 Nxf3+ 24. gxf3 Qb7 25. Rg1 Re7 26. Rg3 Bxf3 27. Kf2 Bc6
28. Bc2 Be8 29. Rag1 1-0

[Event "15. Obert Internacional Pobla de Lillet"]
[Site "Pobla de Lillet ESP"]
[Date "2005.08.04"]
[Round "3.9"]
[White "Fabre Massana, Miquel"]
[Black "Hanley, Craig"]
[Result "0-1"]
[WhiteElo "2136"]
[BlackElo "2367"]
[PlyCount "60"]
[EventDate "2005.08.02"]
[EventType "swiss"]
[EventRounds "9"]
[EventCountry "ESP"]
[SourceTitle "Ajedrez en Madrid"]
[Source "lmi"]
[SourceDate "2005.08.11"]
[SourceVersion "1"]
[SourceVersionDate "2020.06.30"]
[SourceQuality "1"]

1. Nf3 Nf6 2. c4 g6 3. Nc3 Bg7 4. e4 d6 5. d4 O-O 6. Be2 e5 7. dxe5 dxe5 8.
Qxd8 Rxd8 9. Bg5 Re8 10. O-O-O Na6 11. Nxe5 Rxe5 12. Rd8+ Ne8 13. f4 Re6 14.
Bg4 Rb8 15. f5 Re5 16. Bf4 Bf6 17. Rhd1 Bxd8 18. Rxd8 Bxf5 19. Rxb8 Nxb8 20.
exf5 Re1+ 21. Kd2 Rg1 22. Bf3 Nc6 23. fxg6 hxg6 24. a3 Nd6 25. c5 Nc4+ 26. Ke2
Nd4+ 27. Kf2 Nxf3 28. gxf3 Ra1 29. Bxc7 Nxb2 30. Bd6 Nd1+ 0-1

[Event "15. Obert Internacional Pobla de Lillet"]
[Site "Pobla de Lillet ESP"]
[Date "2005.08.04"]
[Round "3.10"]
[White "Granero Roca, Antonio"]
[Black "Yastrebova, Tatiana"]
[Result "1-0"]
[WhiteElo "2342"]
[BlackElo "2082"]
[PlyCount "65"]
[EventDate "2005.08.02"]
[EventType "swiss"]
[EventRounds "9"]
[EventCountry "ESP"]
[SourceTitle "Ajedrez en Madrid"]
[Source "lmi"]
[SourceDate "2005.08.11"]
[SourceVersion "1"]
[SourceVersionDate "2020.06.30"]
[SourceQuality "1"]

1. d4 Nf6 2. c4 e6 3. Nc3 d5 4. Nf3 Be7 5. g3 O-O 6. Bg2 c6 7. O-O Ne4 8. Qc2
f5 9. Ne5 Nd7 10. Bf4 Nxe5 11. Bxe5 Nd6 12. c5 Nf7 13. Bf4 g5 14. Bd2 e5 15.
dxe5 Nxe5 16. Be3 Be6 17. Bd4 Bf6 18. e3 Qe8 19. Rad1 Qh5 20. Qe2 Qh6 21. f4
Nd7 22. fxg5 Bxg5 23. Bf3 Rae8 24. Qf2 Nf6 25. h4 Bxh4 26. gxh4 f4 27. Kh1 Rf7
28. Rg1+ Kf8 29. Rg5 Ne4 30. Nxe4 dxe4 31. Bh5 fxe3 32. Qg3 e2 33. Rg8+ 1-0